Plant tissue culture media. V 1. Formulations and uses (Record no. 39764)

MARC details
000 -LEADER
fixed length control field 00305nam a2200109Ia 4500
082 ## - DEWEY DECIMAL CLASSIFICATION NUMBER
Classification number 57.085.23(083)
Item number GEO.1
100 ## - MAIN ENTRY--AUTHOR NAME
Personal name George, E F
245 #0 - TITLE STATEMENT
Title Plant tissue culture media. V 1. Formulations and uses
260 ## - PUBLICATION, DISTRIBUTION, ETC. (IMPRINT)
Place of publication England
Name of publisher Exegetics
Year of publication 1987
942 ## - ADDED ENTRY ELEMENTS (KOHA)
Koha item type Books
Holdings
Withdrawn status Lost status Damaged status Not for loan Home library Current library Date acquired Cost, normal purchase price Full call number Accession Number Koha item type
        RRII Library RRII Library 16/12/2021 1908.00 57.085.23(083) GEO.1 20083 Books